| 000 | 01624cam a2200373 a 4500 | ||
|---|---|---|---|
| 001 | 1526352 | ||
| 005 | 20060718210628.0 | ||
| 008 | 900508s1991 nyu | b 001 0 eng d | ||
| 010 | _a90038754 | ||
| 020 | _a0195066103 | ||
| 020 | _a0195066111 (pbk.) | ||
| 040 |
_aDLC _cDLC _dDLC |
||
| 043 | _aew----- | ||
| 050 | 0 | 0 |
_aJN94.A2 _bL84 1991 |
| 082 | 0 | 0 |
_a306.2094 _220 _bLUE |
| 100 | 1 |
_aLuebbert, Gregory M. _915572 |
|
| 245 | 1 | 0 |
_aLiberalism, Fascism, or Social Democracy : _bSocial Classes and the Political Origins of Regimes in Interwar Europe / _cGregory M. Luebbert. |
| 260 |
_aNew York : _bOxford University Press, _c1991. |
||
| 300 |
_axi, 416 p. ; _c25 cm. |
||
| 504 | _aIncludes bibliographical references (p. 377-402) and index. | ||
| 541 | _aBacca ; | ||
| 650 | 0 |
_aLabor movement _zEurope _xHistory. _915573 |
|
| 650 | 0 |
_aSocial structure _zEurope _xHistory. _915574 |
|
| 650 | 0 |
_aLiberalism _zEurope _xHistory. _915575 |
|
| 650 | 0 |
_aSocialism _zEurope _xHistory. _915576 |
|
| 650 | 0 |
_aDemocracy _xHistory. _915577 |
|
| 650 | 0 |
_aFascism _zEurope _xHistory. _915578 |
|
| 651 | 0 |
_aEurope _xPolitics and government _y1871-1918. _915579 |
|
| 651 | 0 |
_aEurope _xPolitics and government _y20th century. _915580 |
|
| 856 | 4 | 2 |
_3Publisher description _uhttp://www.loc.gov/catdir/enhancements/fy0603/90038754-d.html |
| 942 |
_2ddc _cBB |
||
| 999 |
_c14311 _d14311 |
||